Chemische Gefahrensymbole / Piktogramme - Statistiken

Allgemein
  • Dieses Quiz wurde 1.356 mal gespielt
  • Das Durchschnittsergebnis liegt bei 8 aus 9
Antwortstatistiken
Frage Antwort % Korrekt
entzündbar
98%
explosiv
97%
umweltgefährlich
97%
ätzend
96%
Giftig/akute Toxizität
96%
komprimierte Gase/Gase unter Druck
95%
Gesundheitsgefahr
88%
Gesundheitsschädlich und reizend
80%
oxidierend
75%
Keine übereinstimmenden Quizze gefunden
Verteilung der Resultate
Anzahl Personen mit jedem Resultat
Perzentil nach korrekt beantworteten Fragen
Ihre Resultats-Entwicklung
Sie haben dieses Quiz noch nicht gespielt